00849nam a22002417a 45000010005000000030006000050050017000110080041000280200017000690400029000860820010001151000027001252450079001522600053002313000050002844900015003345050008003495200140003575210029004975210020005266500029005467000032005754039FISKH20260114100444.0240603b cb ||||| |||| 00| 0 eng d a708431201477 aFISKHbengcFISKHdFISKH a372.4 aPixar, Disnepeauthor  aToy Story 3: cillustrated by Estudi Iboixb To Imagination and Beyond /  aCalifornia : bLeapFrog Interprises, Inc ;c2010 a19 pages : bcolor illustrations ; c18 cm .  aTag Juior  aJ  aJoin Bonnie and her toys on exciting adventures to seven different worlds of imagination. Introduces imaginative play and storytelling.8 a500 bLexile estimate 8 aJ bRaz-Plus  aBoard bookvNon-fiction  aIboix, Estudi eillustrator